000 01426nam a2200361Ia 4500
001 ebr10589365
003 CaPaEBR
006 m u
007 cr cn|||||||||
008 100514s2010 nyu sb 001 0 eng d
010 _z 2010020213
020 _z9783039105915 (alk. paper)
020 _z9783035100501
020 _z3039105914 (alk. paper)
040 _aCaPaEBR
_cCaPaEBR
035 _a(OCoLC)811388825
050 1 4 _aLC191.8.S55
_bK66 2010eb
100 1 _aKoh, Aaron,
_d1967-
245 1 0 _aTactical globalization
_h[electronic resource] :
_blearning from the Singapore experiment /
_cAaron Koh.
260 _aNew York :
_bPeter Lang,
_cc2010.
300 _a222 p.
504 _aIncludes bibliographical references and index.
533 _aElectronic reproduction.
_bPalo Alto, Calif. :
_cebrary,
_d2011.
_nAvailable via World Wide Web.
_nAccess may be limited to ebrary affiliated libraries.
650 0 _aEducation and globalization
_zSingapore.
650 0 _aEducational sociology
_zSingapore.
650 0 _aEducation and state
_zSingapore.
650 0 _aCulture and globalization
_zSingapore.
650 0 _aEducational change
_zSingapore.
650 0 _aEducational innovations
_zSingapore.
655 7 _aElectronic books.
_2local
710 2 _aebrary, Inc.
856 4 0 _uhttp://site.ebrary.com/lib/rucke/Doc?id=10589365
_zAn electronic book accessible through the World Wide Web; click to view
999 _c104908
_d104908